Evaluating the Effectiveness of Trade Conditions in Fund-Supported Programs.

Approximately half of the countries that had IMF-supported programs during 1993-2003 also had trade-related conditions. A large literature has shown that trade openness is an essential part of the environment in which economic growth and poverty reduction take place.

Podrobná bibliografie
Korporativní autor: International Monetary Fund
Médium: Časopis
Jazyk:English
Vydáno: Washington, D.C. : International Monetary Fund, 2005.
Edice:Policy Papers; Policy Paper ; No. 2005/083
Témata:
On-line přístup:Full text available on IMF
LEADER 01346cas a2200253 a 4500
001 AALejournalIMF019778
008 230101c9999 xx r poo 0 0eng d
020 |c 5.00 USD 
020 |z 9781498330909 
022 |a 2663-3493 
040 |a BD-DhAAL  |c BD-DhAAL 
110 2 |a International Monetary Fund. 
245 1 0 |a Evaluating the Effectiveness of Trade Conditions in Fund-Supported Programs. 
264 1 |a Washington, D.C. :  |b International Monetary Fund,  |c 2005. 
300 |a 1 online resource (46 pages) 
490 1 |a Policy Papers 
500 |a <strong>Off-Campus Access:</strong> No User ID or Password Required 
500 |a <strong>On-Campus Access:</strong> No User ID or Password Required 
506 |a Electronic access restricted to authorized BRAC University faculty, staff and students 
520 3 |a Approximately half of the countries that had IMF-supported programs during 1993-2003 also had trade-related conditions. A large literature has shown that trade openness is an essential part of the environment in which economic growth and poverty reduction take place. 
538 |a Mode of access: Internet 
651 7 |a United Arab Emirates  |2 imf 
830 0 |a Policy Papers; Policy Paper ;  |v No. 2005/083 
856 4 0 |z Full text available on IMF  |u http://elibrary.imf.org/view/journals/007/2005/083/007.2005.issue-083-en.xml  |z IMF e-Library